MARC details
| 000 -LEADER |
| fixed length control field |
02383cam a22005534a 4500 |
| 001 - CONTROL NUMBER |
| control field |
muse84934 |
| 003 - CONTROL NUMBER IDENTIFIER |
| control field |
MdBmJHUP |
| 005 - DATE AND TIME OF LATEST TRANSACTION |
| control field |
20210127151701.0 |
| 006 - FIXED-LENGTH DATA ELEMENTS--ADDITIONAL MATERIAL CHARACTERISTICS |
| fixed length control field |
m o d |
| 007 - PHYSICAL DESCRIPTION FIXED FIELD--GENERAL INFORMATION |
| fixed length control field |
cr||||||||nn|n |
| 008 - FIXED-LENGTH DATA ELEMENTS--GENERAL INFORMATION |
| fixed length control field |
090731s1992 mx o 00 0 spa d |
| 020 ## - INTERNATIONAL STANDARD BOOK NUMBER |
| International Standard Book Number |
9786076289099 |
| 020 ## - INTERNATIONAL STANDARD BOOK NUMBER |
| Canceled/invalid ISBN |
9681204263 |
| 020 ## - INTERNATIONAL STANDARD BOOK NUMBER |
| Canceled/invalid ISBN |
9789681204266 |
| 035 ## - SYSTEM CONTROL NUMBER |
| System control number |
(OCoLC)1151842222 |
| 040 ## - CATALOGING SOURCE |
| Original cataloging agency |
MdBmJHUP |
| Transcribing agency |
MdBmJHUP |
| 245 04 - TITLE STATEMENT |
| Title |
Una década de planeación urbano-regional en México, 1978-1988 |
| Statement of responsibility, etc. |
Gustavo Garza (comp.) |
| 250 ## - EDITION STATEMENT |
| Edition statement |
1. ed., 1. reimpr. |
| 264 #1 - PRODUCTION, PUBLICATION, DISTRIBUTION, MANUFACTURE, AND COPYRIGHT NOTICE |
| Name of producer, publisher, distributor, manufacturer |
Colegio, Centro de Estudios Demográficos y de Desarrollo |
| 264 #3 - PRODUCTION, PUBLICATION, DISTRIBUTION, MANUFACTURE, AND COPYRIGHT NOTICE |
| Name of producer, publisher, distributor, manufacturer |
Project MUSE, |
| 300 ## - PHYSICAL DESCRIPTION |
| Extent |
1 online resource (482 Seiten) : |
| Other physical details |
Diagramme |
| 500 ## - GENERAL NOTE |
| General note |
Literaturangaben |
| 505 0# - FORMATTED CONTENTS NOTE |
| Formatted contents note |
pt. 1. Marco legal y planeación nacional del territorio -- pt. 2. Actividades sectoriales de política urbano-regional -- pt. 3. Planeación metropolitana: Ciudad de Mexico, Monterrey y Guadalajara -- pt. 4. Planeación regional: frontera norte, trópico húmedo, Jalisco y Sinaloa. |
| 506 0# - RESTRICTIONS ON ACCESS NOTE |
| Terms governing access |
Open Access |
| Standardized terminology for access restriction |
Unrestricted online access |
| Source of term |
star |
| 588 ## - SOURCE OF DESCRIPTION NOTE |
| Source of description note |
Description based on print version record. |
| 650 #0 - SUBJECT ADDED ENTRY--TOPICAL TERM |
| Topical term or geographic name entry element |
Urban policy |
| Source of heading or term |
fast |
| Authority record control number or standard number |
(OCoLC)fst01162489 |
| 650 #0 - SUBJECT ADDED ENTRY--TOPICAL TERM |
| Topical term or geographic name entry element |
Regional planning |
| Source of heading or term |
fast |
| Authority record control number or standard number |
(OCoLC)fst01093120 |
| 650 #0 - SUBJECT ADDED ENTRY--TOPICAL TERM |
| Topical term or geographic name entry element |
Economic policy |
| Source of heading or term |
fast |
| Authority record control number or standard number |
(OCoLC)fst00902025 |
| 650 #0 - SUBJECT ADDED ENTRY--TOPICAL TERM |
| Topical term or geographic name entry element |
City planning |
| Source of heading or term |
fast |
| Authority record control number or standard number |
(OCoLC)fst00862177 |
| 650 #0 - SUBJECT ADDED ENTRY--TOPICAL TERM |
| Topical term or geographic name entry element |
Planificación regional |
| Geographic subdivision |
Mexico |
| 650 #0 - SUBJECT ADDED ENTRY--TOPICAL TERM |
| Topical term or geographic name entry element |
Urban policy |
| Geographic subdivision |
Mexico |
| Form subdivision |
Congresses. |
| 650 #0 - SUBJECT ADDED ENTRY--TOPICAL TERM |
| Topical term or geographic name entry element |
Regional planning |
| Geographic subdivision |
Mexico |
| Form subdivision |
Congresses. |
| 650 #0 - SUBJECT ADDED ENTRY--TOPICAL TERM |
| Topical term or geographic name entry element |
City planning |
| Geographic subdivision |
Mexico |
| Form subdivision |
Congresses. |
| 651 #0 - SUBJECT ADDED ENTRY--GEOGRAPHIC NAME |
| Geographic name |
Mexico |
| Source of heading or term |
fast |
| Authority record control number or standard number |
(OCoLC)fst01211700 |
| 651 #0 - SUBJECT ADDED ENTRY--GEOGRAPHIC NAME |
| Geographic name |
Mexico |
| General subdivision |
Economic policy |
| Chronological subdivision |
1970-1994 |
| Form subdivision |
Congresses. |
| 655 #0 - INDEX TERM--GENRE/FORM |
| Genre/form data or focus term |
Conference papers and proceedings |
| Source of term |
fast |
| Authority record control number |
(OCoLC)fst01423772 |
| 655 #7 - INDEX TERM--GENRE/FORM |
| Genre/form data or focus term |
Electronic books. |
| Source of term |
local |
| 700 1# - ADDED ENTRY--PERSONAL NAME |
| Personal name |
Garza, Gustavo |
| Dates associated with a name |
1945- |
| 710 2# - ADDED ENTRY--CORPORATE NAME |
| Corporate name or jurisdiction name as entry element |
Centro de Estudios Demográficos y de Desarrollo Urbano |
| 710 2# - ADDED ENTRY--CORPORATE NAME |
| Corporate name or jurisdiction name as entry element |
Colegio de Mexico |
| 711 2# - ADDED ENTRY--MEETING NAME |
| Meeting name or jurisdiction name as entry element |
Seminario. Colegio de Mexico |
| Date of meeting |
1988.05.11-13 |
| Location of meeting |
Mexico |
| 710 2# - ADDED ENTRY--CORPORATE NAME |
| Corporate name or jurisdiction name as entry element |
Project Muse. |
| Relator term |
distributor |
| 830 #0 - SERIES ADDED ENTRY--UNIFORM TITLE |
| Uniform title |
Book collections on Project MUSE. |
| 856 40 - ELECTRONIC LOCATION AND ACCESS |
| Public note |
Full text available: |
| Uniform Resource Identifier |
<a href="https://muse.jhu.edu/book/74837/">https://muse.jhu.edu/book/74837/</a> |